Estrategias de enseñanza en formación cívica y ética en secundaria.

I tiakina i:
Ngā taipitopito rārangi puna kōrero
Kaituhi matua: Juárez Hernández, Ana Francisca (autor)
Hōputu: Pukapuka
Reo:Pāniora
Ngā marau:
Ngā Tūtohu: Tāpirihia he Tūtohu
Kāore He Tūtohu, Me noho koe te mea tuatahi ki te tūtohu i tēnei pūkete!

MARC

LEADER 00000nam^a2200000^u^4500
001 000510416
005 20250521000000.0
008 100111s1000^^^^^^^^^^^^r^^^^^000^0^spa^d
009 20260310130124.516
035 |a FCE 000054625 
037 |a Acervo ITESO - Biblioteca 
041 |a spa 
082 0 4 |a 373.0115  |b JUAe 
100 |a Juárez Hernández, Ana Francisca  |e (autor) 
245 1 0 |a Estrategias de enseñanza en formación cívica y ética en secundaria. 
264 |a México :  |b A. F. Juárez Hernández,  |c 2006. 
300 |a 134 p. 
336 |a texto  |b txt  |2 rdacontenido 
337 |a sin mediación  |b n  |2 rdamedio 
338 |a volumen  |b nc  |2 rdasoporte 
649 |a XX 
650 |a Tesis de maestría 
650 |a Enseñanza 
650 |a Educación secundaria 
650 |a Estrategias educativas 
650 |a Formación cívica y ética 
650 |a México 
910 |a Fondo Centro de Estudios Educativos 
920 |a Impresos - Libros 
930 |a Fondos Especiales 
905 |a 133 
901 |a ALE067934  |b IT2  |c CEE  |u 20250521 
902 |a https://opac.biblio.iteso.mx/vufind/Record/000510416